000 00709nam a22001937a 4500
005 20251108175235.0
008 250721s2012 xx 000 0 ara d
082 1 4 _aم/341.69/باي
100 1 _aبايل، كرستوفر هـ
245 1 0 _aالتعذيب التهرب من المسؤولية :
_bالحكومة السرية و جرائم الحرب و حكم القانون /
264 1 _aبيروت :
_bمركز دراسات الوحدة العربية،
_c2012.
300 _a480ص.
490 0 _aمكز دراسات الوحدة العربية
650 1 7 _aالقانون الدولي
650 1 7 _aجرائم الحرب
650 1 7 _aالتعذيب
942 _2ddc
_cREF
999 _c129478
_d129478